Normal view MARC view
  • Contreras de Carballo, Manuela

Entry Nombre Personal

Number of records used in: 2

001 - NUMERO DE CONTROL

  • campo de control: 51872

003 - IDENTIFICADOR DE NUMERO DE CONTROL

  • campo de control: MX-MxUPN

005 - FECHA Y HORA DE LA ÜLTIMA TRANSACCIÓN

  • campo de control: 20240507164502.0

008 - DATOS DE LONGITUD FIJA

  • campo de control de longitud fija: 240507|| acn||aabn | aaa d

040 ## - FUENTE DE CATALOGACIÓN

  • Agencia original de catalogación: MX-MxUPN
  • Lenguaje de catalogación: spa
  • Agencia de transcripción: MX-MxUPN

100 1# - ENCABEZAMIENTO - NOMBRE PERSONAL

  • Nombre personal: Contreras de Carballo, Manuela

373 ## - GRUPO ASOCIADO

  • Associated group: Escuela Normal de Veracruz

374 ## - OCUPACIÓN

  • Occupation: Profesora

670 ## - FUENTE EN LA QUE SE LOCALIZARON DATOS

  • Cita de la fuente: El alma de la patria : libro segundo de lectura para uso de las alumnas de tercer año elemental, 1923:
  • Información localizada: portada (Escrito por la señora profesora Manuela Contreras de Carballo de la Escuela Normal de Veracruz)

902 ## - CATALOGADOR

  • Catalogador: MaríaRobles/070524